National development via national service training program: (Record no. 364396)
[ view plain ]
| 000 -LEADER | |
|---|---|
| fixed length control field | 00467nam a2200109Ia 4500 |
| 008 - FIXED-LENGTH DATA ELEMENTS--GENERAL INFORMATION | |
| fixed length control field | 200922s9999 xx 000 0 und d |
| 020 ## - INTERNATIONAL STANDARD BOOK NUMBER | |
| International Standard Book Number | 978-621-409-119-5 |
| 100 ## - MAIN ENTRY--PERSONAL NAME | |
| Personal name | Gasilla-Dela Cruz, Sonia |
| 245 ## - TITLE STATEMENT | |
| Statement of responsibility, etc | Sonia Gasilla-Dela Cruz, Edeliza G. Dela Cruz, Paul M. Mapue |
| Title | National development via national service training program: |
| Remainder of title | (RA 9163) common modules for CWTS, LTS and ROTC/ |
| 260 ## - PUBLICATION, DISTRIBUTION, ETC. (IMPRINT) | |
| Place of publication, distribution, etc | Manila: |
| Name of publisher, distributor, etc | Books Atbp. Publishing |
| Date of publication, distribution, etc | 2019 |
| 300 ## - PHYSICAL DESCRIPTION | |
| Extent | viii, 389 pages |
| Dimensions | 22 cm. |
| Withdrawn status | Lost status | Damaged status | Home library | Current library | Shelving location | Date acquired | Source of acquisition | Total Checkouts | Full call number | Barcode | Date last seen | Price effective from | Koha item type |
|---|---|---|---|---|---|---|---|---|---|---|---|---|---|
| College Library | College Library | Filipiniana Section | 09/22/2020 | LC 220.5 .G247 2019 | C22482 | 09/22/2020 | 09/22/2020 | Books |